| 000 | 00809nam a2200229 a 4500 | ||
|---|---|---|---|
| 005 | 20251205063958.0 | ||
| 008 | 040906s1999 mx r 000 0 spa d | ||
| 020 | _a8433014196 | ||
| 035 | _aUPN01000134542 | ||
| 049 | _aCG | ||
| 050 | 4 |
_aRC552 C6.5 _bA2.3 |
|
| 100 | 1 | _aAbramson, Edward | |
| 245 | 1 | 3 |
_aEl comer emocional : _buna guía práctica de control / _cEdward Abramson ; tr. María Isabel Hoppichler. |
| 260 |
_aBilbao, Esp. : _bDesclée de Brouwer, _cc1999. |
||
| 300 | _a278 p. | ||
| 440 | 0 |
_aCrecimiento personal ; _v38. _pSerendipity |
|
| 534 |
_pTraducción de: _tEmotional eating: a practical guide to taking control |
||
| 650 | 2 |
_aTrastornos de la conducta alimenticia _9383 |
|
| 650 | 4 |
_aOBESIDAD - _xASPECTOS PSICOLOGICOS _9378 |
|
| 650 | 4 |
_aTECNICAS DE AUTOAYUDA _9377 |
|
| 905 | _aLibro | ||
| 999 |
_c106693 _d106693 |
||